000 00674nam a22001695i 4500
001 54819
003 ES-MaACL
007 t|
008 960731s1897 sp ||||1| spa d
040 _aCAM
_bspa
_cCAM
100 1 _aGalán y Gimenez, Demetrio.
_953313
245 1 0 _aCuestiones ganaderas
_b: trabajo zootécnico basado en el informe acerca de la mejora del ganado vacuno y de cerda de Galicia /
_cDemetrio Galán y Gimenez y Juan de Dios González Pizarro.
260 _aLeón :
_b[s.n.],
_c1897 (
_fEst. tip. de los herederos de Angel González)
300 _aXX, 228, [4] p. ;
_c21 cm.
700 1 _aGonzález Pizarro, Juan de Dios.
_958876
852 _aES-MaACL
_jG-2584
999 _c54819
_d54819